Top 200 Baby Girl Names (USA 1880) Quiz Stats

 Plays Quiz not verified by Sporcle

Support Sporcle.
Go Orange.
Score 0/200 Timer 15:00
0 Plays Today
Rank Name % Correct
1.Mary
96.8%
122.Ann
96.8%
4.Elizabeth
94.1%
2.Anna
93.9%
120.Anne
93.5%
131.Maria
93.3%
85.Eliza
92.6%
31.Catherine
90.9%
53.Katherine
90.4%
110.Sara
90.1%
6.Margaret
89.1%
98.Jane
88.4%
10.Sarah
88.3%
30.Rose
88.1%
55.Marie
86.7%
3.Emma
85.9%
17.Laura
85.1%
139.Dorothy
83.6%
35.Helen
82%
133.Evelyn
82%
136.Betty
81.8%
100.Emily
81.5%
11.Annie
81.4%
148.Victoria
80.6%
75.Caroline
80.1%
8.Alice
79.9%
93.Ruth
79.9%
26.Julia
78.8%
19.Grace
78.7%
109.Rachel
78.5%
61.Ellen
77.8%
91.Charlotte
77.8%
16.Martha
77.7%
125.Lou
77.6%
13.Ella
77.5%
42.Frances
76.7%
149.Ruby
76.7%
41.Eva
76.1%
108.Amy
75.8%
52.Rosa
75.6%
161.Isabel
75.3%
37.Louise
75%
104.Esther
74.8%
80.Susan
74.8%
44.Lucy
74.5%
92.Rebecca
74.5%
103.Kathryn
73.7%
76.Katie
73.2%
127.Eleanor
73%
50.Josephine
72.9%
97.Hannah
72.7%
32.Lillian
72.6%
12.Clara
71.9%
102.Irene
71.4%
143.Rosie
71.1%
56.Nora
70.9%
154.Beatrice
70.9%
79.Kate
69.7%
121.Mildred
69.5%
9.Bertha
69%
14.Florence
69%
28.Edith
68.7%
57.May
68.5%
164.Isabelle
68.1%
62.Nancy
67.9%
73.Harriet
67.9%
130.Louisa
67.7%
Rank Name % Correct
36.Jessie
67.6%
15.Cora
67.4%
112.Theresa
67.2%
99.Virginia
67.1%
51.Dora
66.9%
170.Nell
66.7%
128.Barbara
66.7%
145.Millie
66.5%
153.Christine
66.3%
45.Edna
65.8%
7.Ida
65.5%
95.Olive
65%
46.Maggie
64.7%
18.Nellie
64.2%
118.Sophia
64%
38.Ethel
63.9%
96.Amelia
63.7%
48.Daisy
63.6%
163.Carolyn
63.5%
166.Sally
62.8%
159.Sophie
62.8%
25.Gertrude
62.8%
20.Carrie
61.5%
84.Georgia
61.5%
187.Christina
61%
27.Hattie
60.8%
137.Marion
60%
23.Bessie
59.9%
24.Jennie
59.6%
115.Pauline
59.4%
71.Mae
59.1%
33.Ada
58.1%
5.Minnie
57.9%
60.Stella
57.8%
106.Henrietta
57.5%
47.Pearl
57.3%
54.Agnes
57%
22.Mabel
56.5%
116.Josie
56.4%
68.Flora
56.3%
198.Helena
55.9%
78.Elsie
55.1%
117.Lola
53.3%
74.Sadie
53.1%
192.Lilly
52.9%
82.Alma
52.8%
89.Amanda
52.3%
77.Lydia
51.8%
162.Sylvia
51.3%
135.Nina
51%
81.Mollie
50.6%
69.Susie
49.9%
94.Viola
49.9%
123.Beulah
49.9%
43.Lena
49.3%
105.Willie
49.2%
197.Cynthia
48.7%
34.Lillie
48.5%
70.Maud
48.5%
40.Myrtle
47.4%
21.Maude
47.2%
29.Mattie
46.7%
64.Sallie
46.7%
101.Matilda
46%
134.Estelle
45.7%
138.Bettie
44.3%
88.Lottie
44.1%
Rank Name % Correct
59.Blanche
44%
150.Winifred
43%
49.Fannie
42.2%
90.Belle
42.2%
190.Sue
41.8%
199.Hilda
41.1%
144.Allie
40.9%
66.Della
40.4%
39.Lula
39.6%
186.Adelaide
39%
65.Nettie
39%
119.Leona
38.8%
126.Delia
38.3%
168.Essie
38.1%
63.Effie
38%
67.Lizzie
36.1%
72.Etta
36.1%
182.Eunice
35.8%
178.Abbie
35.3%
111.Estella
34.9%
58.Mamie
34.7%
152.Celia
33.7%
146.Janie
33%
157.Mable
32.6%
83.Addie
32.4%
124.Callie
32.3%
183.Fanny
31.6%
160.Tillie
31.4%
176.Rhoda
30.9%
193.Lucinda
30.5%
195.Lettie
30%
172.Katharine
30%
141.Inez
30%
156.Harriett
29.6%
86.Lulu
29.5%
181.Hettie
28.9%
171.Alberta
28.4%
107.Ollie
27.9%
167.Ina
27.5%
114.Ora
27.3%
129.Iva
26.6%
158.Myra
25.9%
179.Eula
25.4%
191.Johanna
25.2%
113.Augusta
23.1%
184.Ola
22.2%
180.Dollie
22.2%
173.Lora
21.9%
87.Nannie
21.8%
177.Mathilda
21.7%
175.Mina
21%
169.Bertie
20.6%
194.Minerva
19.9%
165.Leila
19.6%
147.Cornelia
19.6%
155.Birdie
19.2%
189.Nelle
18%
185.Lenora
17.1%
151.Alta
15.2%
142.Lela
15%
174.Rena
13.9%
140.Luella
13.9%
132.Mayme
12.5%
196.Roxie
10.6%
188.Lelia
9.5%
200.Hulda
9.2%

You're not logged in!

Compare scores with friends on all Sporcle quizzes.
OR
Log In

From the Vault

Star Wars or Marvel Character?

by Yankees2003

Luke! How'd you sneak into the MCU?
Remove Ads.
Support Sporcle.
Get the best of Sporcle when you Go Orange. This ad-free experience offers more features, more stats, and more fun while also helping to support Sporcle. Thank you for becoming a member.

Show Comments

Extras

Top Quizzes Today


Score Distribution

Your Account Isn't Verified!

In order to create a playlist on Sporcle, you need to verify the email address you used during registration. Go to your Sporcle Settings to finish the process.

Report this User

Report this user for behavior that violates our Community Guidelines.

Details: